| 000 | 00913nam a2200301 a 4500 | ||
|---|---|---|---|
| 001 | 000040935 | ||
| 003 | DO-SdBNP | ||
| 005 | 20171108134640.0 | ||
| 007 | 000040935 | ||
| 008 | 130911s2013 sp a 000 0 spa d | ||
| 040 |
_aBPMSU _bspa _cBPMSU |
||
| 082 | 4 |
_a303.34 _bR426L |
|
| 245 | 0 | 0 |
_aReputación y liderazgo / _cpresentación José Antonio Zarzalejos ; prólogo Paul Holmes. |
| 260 |
_aMadrid : _bd+i Llorente & Cuenca, _c2013. |
||
| 300 |
_a398 p. : _bil. ; _c17 cm. |
||
| 650 | _aLIDERAZGO | ||
| 650 |
_aPOLÍTICOS _xASPECTOS MORALES Y ÉTICOS |
||
| 650 | _aOPINIÓN PÚBLICA | ||
| 700 | 1 | 2 |
_aHolmes, Paul _epról |
| 700 | 1 | 2 | _aZarzalejos, José Antonio |
| 930 | 1 |
_l _m _8 _f _p _g |
|
| 930 | 1 |
_l _m _8 _f _p _g |
|
| 942 |
_2ddc _cBK |
||
| 945 | _a Inventariado extranjero / 2017 VM | ||
| 956 |
_a _b _c _l _h |
||
| 956 |
_a _b _c _l _h |
||
| 956 |
_aVMATEO _b10 _c20150806 _lBPMSU _h00151 |
||
| 999 |
_c8109 _d8109 |
||